000 00613nam a2200205 i 4500
001 bg
245 0 _aEncyclopedia of polymer science and technology :
_bplastics, resins, rubbers, fibers. Supl.vol.2, Adhesive compositions to transitions /
_ced. Herman F. Mark, Norbert M. Bikales.
260 _aNew York,
_c1976.
650 9 _aPolimery
655 _aEncyklopedie
700 1 _aMark, Herman F.
700 1 _aBikales, Norbert M.
020 _a0471569984
040 _cBPK
041 _apol
080 _a678.7(03)
920 _a0-471-56998-4
942 _cKS
008 s pl f |000 0 pol
999 _c18242
_d18242
856 _uhttp://koha.tu.koszalin.pl/cgi-bin/koha/opac-detail.pl?biblionumber=18242
_yKatalog online BPK